| 000 | 00450pab a2200169 454500 | ||
|---|---|---|---|
| 008 | 180718b2008 xxu||||| |||| 00| 0 eng d | ||
| 100 | _aYu, Wei-hsin | ||
| 245 | _aThe psychological cost of market transition: mental health disparities in reform-era China | ||
| 260 | _c2008 | ||
| 300 | _ap.347-69. | ||
| 362 | _aAug | ||
| 650 | _aMental health - China | ||
| 650 | _aMental health | ||
| 773 | _aSocial Problems | ||
| 908 | _aN | ||
| 909 | _a79498 | ||
| 999 |
_c79498 _d79498 |
||